| 000 | 00767nam a2200217Ia 4500 | ||
|---|---|---|---|
| 001 | 9656 | ||
| 003 | GE_BSU | ||
| 008 | 181216s||||||||xx |||||||||||||| ||und|| | ||
| 040 | _cGE_BSU | ||
| 080 | _a821.353.1–1 | ||
| 100 | _aნადირაძე,კოლაუ | ||
| 245 | _aლექსები | ||
| 245 | _cრედ.მ.ფოცხიშვილი.მხატვ.ირ.ჯანაშვილი | ||
| 260 | _aთბილისი | ||
| 260 | _bლიტერატურა და ხელოვნება | ||
| 260 | _c1964 | ||
| 300 | _a61გვ.17სმ.ფოტო პორტრ.გარეკანზე. | ||
| 300 | _bლექსების ახალი წიგნი | ||
| 653 | _aლექსები | ||
| 942 | _cBK | ||
| 999 |
_c42940 _d42940 |
||